00385cam a2200169 i 450000100070000000500170000700800410002401000170006504000180008204100080010008000140010808200140012210000070013610100080014324500370015150400270018884959920180104040812.0791023s1979 nyua b 001 0 eng  a 78062725  aDLCcDLCdDLC aeng a746.4 CAV00a746.4 CAV1 a44 aART10aNeedlework /cAdolph S. Cavallo. aBibliography: p. [124]